000 00339nam a2200121Ia 4500
008 190216s9999||||xx |||||||||||||| ||und||
100 _a"Mathew Kc, Veeraraghavan S & Raghavan T"
245 0 _aCo-Ordinate Geometry Of Two And Three Dimensions
260 _bS Chand & Co
_c1988
300 _a263p
650 _aMathematics
942 _cBK
999 _c31001
_d31001